|
|
|
|
| LEADER |
00834pam a22002298a 4500 |
| 001 |
00021527 |
| 005 |
20171026081023.0 |
| 008 |
110525s2006 ||||||Viesd |
| 041 |
0 |
# |
|a Vie
|
| 082 |
1 |
4 |
|b GI108TR
|a 571.6
|
| 100 |
0 |
# |
|a Nguyễn Hoàng Lộc
|
| 245 |
0 |
0 |
|a Giáo trình công nghệ tế bào
|c Nguyễn Hoàng Lộc
|
| 260 |
# |
# |
|a Huế
|b ĐH Huế
|c 2006
|
| 300 |
# |
# |
|a 205 tr.
|c 29 cm.
|
| 650 |
# |
4 |
|a Tế bào
|
| 653 |
# |
# |
|a Công nghệ
|
| 852 |
# |
# |
|b Kho giáo trình
|j KGT.0009847, KGT.0009848, KGT.0009849, KGT.0009850
|
| 852 |
# |
# |
|b Kho mượn
|j KGT.0009847
|
| 852 |
# |
# |
|b Kho đọc
|j KD.0007925
|
| 852 |
# |
# |
|j KGT.0009847
|j KGT.0009849
|j KGT.0009850
|j KD.0007925
|j KGT.0009848
|
| 910 |
0 |
# |
|a nhnam
|d 25/05/2011
|
| 980 |
# |
# |
|a Trung tâm Học liệu Lê Vũ Hùng, Trường Đại học Đồng Tháp
|